00504 2200193 4500001002100000005001500021008004100036020002200077035001900099041000700118082000800125090001200133100001900145245005300164260004000217300003500257500000600292650001200298INLIS00000000000603220241224113219241224||||||||| | ||| |||| || |  a978-979-610-491-8 0010-1224006032 aid0 a570 a570 MET0 aRustam Affandi00aMetode Cling Semua Materi Biologi Gak Pake Mikir aYogyakartabpustaka widyatamac2011 aviii, 440 hlm ,: ilus .; 15 cm a3 0aBiologi